[Event "Titled Tuesday intern op 14th July"]
[Site "Chess.com INT"]
[Date "2020.07.14"]
[Round "9"]
[White "Pavlidou, Ekaterini"]
[Black "Donchenko, Anatoly G"]
[Result "1-0"]
[WhiteElo "2170"]
[BlackElo "2233"]
[PlyCount "59"]
[EventDate "2020.07.14"]
[EventType "swiss (blitz)"]
[EventRounds "10"]
[EventCountry "USA"]
[SourceTitle "CBM 197 Extra"]
[Source "ChessBase"]
[SourceDate "2020.09.30"]
[SourceVersion "1"]
[SourceVersionDate "2020.09.30"]
[SourceQuality "1"]

1. d4 d5 2. c4 dxc4 3. e3 Nf6 4. Nf3 e6 5. Bxc4 a6 6. 0-0 c5 7. Qe2 b5 8. Bd3 Nbd7 9. Rd1 Bb7 10. dxc5 Bxc5 11. a3 0-0 12. b4 Be7 13. Bb2 Qb8 14. Nbd2 Nb6 15. Nb3 Na4 16. Be5 Qa7 17. Na5 Rac8 18. Ng5 h6 19. Nh3 Nd7 20. Bh7+ Kxh7 21. Rxd7 Nc5 22. Rxe7 Qb6 23. bxc5 Qxa5 24. Rxb7 Rxc5 25. Bd4 Rc6 26. Qg4 g6 27. Ng5+ Kg8 28. Qh4 Qd2 29. h3 e5 30. Qxh6 1-0

[Event "Titled Tuesday intern op 5th Nov"]
[Site "Chess.com INT"]
[Date "2019.11.05"]
[Round "4"]
[White "Diaz, Fernando"]
[Black "Donchenko, Anatoly G"]
[Result "1-0"]
[WhiteElo "2121"]
[BlackElo "2229"]
[PlyCount "73"]
[EventDate "2019.11.05"]
[EventType "swiss (blitz)"]
[EventRounds "10"]
[EventCountry "USA"]
[SourceTitle "EXT 2021"]
[Source "ChessBase"]
[SourceDate "2020.10.23"]
[SourceVersion "1"]
[SourceVersionDate "2020.10.23"]
[SourceQuality "1"]

1. e4 c5 2. Nf3 d6 3. d4 cxd4 4. Nxd4 Nf6 5. Nc3 a6 6. Be3 e6 7. Be2 Qc7 8. g4 h6 9. Rg1 b5 10. a3 Bb7 11. f3 Nbd7 12. h4 g6 13. Qd2 Rc8 14. 0-0-0 Be7 15. Bxh6 Ne5 16. Be3 Rxh4 17. Rh1 Rxh1 18. Rxh1 Nc4 19. Bxc4 Qxc4 20. Rh8+ Kd7 21. Rxc8 Kxc8 22. b3 Qc7 23. Kb2 d5 24. e5 Nd7 25. f4 Nc5 26. Qh2 Qd8 27. Qh7 Qf8 28. f5 gxf5 29. gxf5 Ne4 30. Nxe4 Bxa3+ 31. Ka2 dxe4 32. fxe6 fxe6 33. Nxe6 Qe7 34. Qg8+ Kd7 35. Nd4 Bb4 36. Bg5 Qe8 37. e6+ 1-0

[Event "Titled Tuesday intern op 1st Oct"]
[Site "Chess.com INT"]
[Date "2019.10.01"]
[Round "3"]
[White "Donchenko, Anatoly G"]
[Black "Diaz, Fernando"]
[Result "1-0"]
[WhiteElo "2229"]
[BlackElo "2095"]
[PlyCount "59"]
[EventDate "2019.10.01"]
[EventType "swiss (blitz)"]
[EventRounds "10"]
[EventCountry "USA"]
[SourceTitle "EXT 2021"]
[Source "ChessBase"]
[SourceDate "2020.10.23"]
[SourceVersion "1"]
[SourceVersionDate "2020.10.23"]
[SourceQuality "1"]

1. Nf3 Nf6 2. d4 e6 3. c4 Bb4+ 4. Nbd2 0-0 5. g3 d5 6. Qc2 Be7 7. Bg2 c6 8. 0-0 b6 9. e4 Bb7 10. b3 Na6 11. Bb2 Rc8 12. Rfe1 c5 13. exd5 exd5 14. Qf5 dxc4 15. Nxc4 Qc7 16. Rad1 Rfd8 17. h4 b5 18. Nce5 cxd4 19. Ng5 Bxg2 20. Kxg2 Rf8 21. Bxd4 g6 22. Qf3 Rce8 23. Nc6 Nh5 24. Rc1 Qb7 25. Nxe7+ Rxe7 26. Ne4 f5 27. Ng5 Qxf3+ 28. Kxf3 Rfe8 29. Rxe7 Rxe7 30. Rc8+ 1-0

[Event "Titled Tuesday intern op 1st Oct"]
[Site "Chess.com INT"]
[Date "2019.10.01"]
[Round "1"]
[White "Donchenko, Anatoly G"]
[Black "Mousavi, Seyed Khalil"]
[Result "0-1"]
[WhiteElo "2229"]
[BlackElo "2501"]
[PlyCount "62"]
[EventDate "2019.10.01"]
[EventType "swiss (blitz)"]
[EventRounds "10"]
[EventCountry "USA"]
[SourceTitle "EXT 2021"]
[Source "ChessBase"]
[SourceDate "2020.10.23"]
[SourceVersion "1"]
[SourceVersionDate "2020.10.23"]
[SourceQuality "1"]

1. Nf3 Nf6 2. d4 d5 3. c4 e6 4. g3 Be7 5. Bg2 0-0 6. 0-0 dxc4 7. Qc2 b5 8. a4 b4 9. Qxc4 Bb7 10. Bg5 Nbd7 11. Nbd2 Rc8 12. Rfc1 c5 13. dxc5 Rxc5 14. Qb3 h6 15. Bxf6 Nxf6 16. Rxc5 Bxc5 17. Rd1 Qb6 18. e3 Rd8 19. Nc4 Rxd1+ 20. Qxd1 Qc7 21. b3 Nd5 22. Nfe5 Nc3 23. Qd3 Bd5 24. e4 Bb7 25. Ng4 Ba6 26. Nge3 Bxe3 27. Qxe3 Bxc4 28. bxc4 Qxc4 29. Qxa7 Ne2+ 30. Kf1 Nxg3+ 31. Kg1 Qc1+ 0-1